00398 2200169 4500001002100000005001700021008004100038020001800079035002500097041000700122082000800129090001400137100001700151245001700168260002800185300001500213INLIS0000000000048980:yyyyMMddHHmmss180719||||||||| | ||| |||| || |  a9789790250093 a0010-031300000004898 aid0 a813 a813 SAR d0 aDewi Sartika00adunia duniya aJakartabGrasindoc2007 a20 x 14 cm